000 00973nam a2200289 i 4500
001 000021641
003 DO-SdBNP
005 20250319122211.0
007 ta
008 100909s2002 sp a 000 0 spa d
020 _a848055360X
040 _aDO-SdBNP
_bspa
_cBNPHU
_erda
041 _aspa
082 4 _a382.03
_bD545c
_222
245 0 0 _aDiccionario de comercio exterior.
264 4 _aMadrid :
_bCultural,
_c2002.
300 _a399 páginas :
_bilustracciones ;
_c28 cm.
336 _atexto
_btxt
_2rdacontent
337 _asin mediación
_bn
_2rdamedia
338 _avolumen
_bnc
_2rdacarrier
500 _aIntenta ayudar al lector en su andadura profesional en el campo de las instituciones, marketing, finanzas, informática y voces habituales en los negocios internacionales.
590 _aInventariado, 2024/DG
650 4 _aComercio exterior
_vDiccionarios
_945020
650 4 _aComercio exterior
_vTerminología
_945021
910 _aDG
942 _2ddc
_cLBS1
999 _c21140
_d21140